000
00188 a2200097 4500
020
_a
9781455506637
041
_a
eng
100
_a
JAMES PATTERSON
245
_a
POST CARD KILLERS
942
_c
BK
999
_c
5649
_d
5649